Datum a čas kvízu
42
Celkem bodů
Celkový počet nahraných bodů na tomto kvízu bez doplňovacích otázek.
1.
Pořadí na kvízu
Konečné umístění týmu na tomto kvízu.
Zaznamenané odpovědi
| # | Otázka | Odpověď | Body | Výsledky |
|---|---|---|---|---|
| 1. | V Praze minulý týden začala st... | Pankrác | 1 | |
| 2. | Slovenská policie minulý týden... | Robert Fico, Robert Kaliňák | 1 | |
| 3. | Společnost Mattel vydala u pří... | královna Alžběta II. | 1 | |
| 4. | Jedna z českých nápojářských z... | Kofola | 0 | |
| 5. | Která bývalá úspěšná sportovky... | Maria Šarapovová | 1 | |
| 6. | Tímto tématem navazujeme v naš... | B | 1 | |
| 7. | Na lícní straně dvacetikoruny... | zahynout nám i budoucím | 0 | |
| 8. | Dvacet deka lásky je knihou po... | Monyová | 1 | |
| 9. | Protonové číslo dvacet má vápn... | alabastr | 1 | |
| 10. | Dne 13. prosince roku 1920 zal... | Haribo | 1 |